000 00665cam a2200229 4500500
005 20260329005431.0
041 _afre
042 _adc
100 1 0 _aManzini, Frédéric
_eauthor
245 0 0 _aParlez-vous Lévi-Strauss ?
260 _c2023.
500 _a80
690 _aAnthropologie
690 _aBarbarie
690 _aCivilisation
690 _aClaude Lévi-Strauss
690 _aEthnologie
690 _aLiberté
690 _aStructuralisme
786 0 _nPhilosophie magazine | 172 | 9 | 2023-09-01 | p. 43-43 | 1951-1787
856 4 1 _uhttps://shs.cairn.info/magazine-philosophie-magazine-2023-9-page-43?lang=fr&redirect-ssocas=7080
999 _c1843370
_d1843370